Produkcja truskawek i malin - Statystyki

Ogólne statystyki
  • Ten quiz został rozwiązany 270 razy
  • Średni wynik to 16 z 25
Statystyki odpowiedzi
Hint Odpowiedź % Poprawnych
Polska
99%
Niemcy
96%
Francja
92%
Rosja
92%
Stany Zjednoczone
92%
Hiszpania
91%
Ukraina
88%
Włochy
88%
Holandia
78%
Kanada
77%
Białoruś
76%
Meksyk
76%
Wielka Brytania
72%
Turcja
71%
Belgia
70%
Japonia
63%
Bułgaria
51%
Serbia
51%
Egipt
47%
Chile
37%
Maroko
36%
Kolumbia
35%
Korea Południowa
35%
Bośnia i Hercegowina
26%
Azerbejdżan
6%
Nie znaleziono quizów pasujących do podanych kryteriów
Rozkład punktacji
Procent ludzi z każdym wynikiem
Percentyl według liczby udzielonych odpowiedzi
Twoja historia wyników
Nie rozwiązałeś tego quizu